Laboratory guide in elementary microbiology
Sparad:
| Huvudupphovsman: | |
|---|---|
| Materialtyp: | Bok |
| Språk: | engelska |
| Publicerad: |
Nueva York
McGraw-Hill
1951
|
| Upplaga: | 2a. ed |
| Ämnen: | |
| Taggar: |
Lägg till en tagg
Inga taggar, Lägg till första taggen!
|
MARC
| LEADER | 00000nam a2200000 a 4500 | ||
|---|---|---|---|
| 001 | UCR5296 | ||
| 003 | CL-VaPUC | ||
| 008 | 980327e19510000US |||||||||||||||||eng|d | ||
| 082 | 0 | 4 | |a 576 |b MAR |2 21 |
| 100 | |a Marshall, Max Skidmore |e autor |9 406023 | ||
| 245 | 1 | 0 | |a Laboratory guide in elementary microbiology |
| 250 | |a 2a. ed | ||
| 300 | |a 248 p | ||
| 942 | |c BK | ||
| 945 | |d 19980327 00:00:00 |a crobeson | ||
| 260 | |a Nueva York |b McGraw-Hill |c 1951 | ||
| 650 | 0 | |a Microbiología |9 259706 | |
| 650 | 0 | |a Bacteriología |9 259330 | |
| 650 | 7 | |a LABORATORIOS DE ANALISIS |2 CL-VaPUC |9 406024 | |
| 583 | |a last modification |c 19980327 00:00:00 |k Rodrigo Vera | ||
| 999 | |c 267913 |d 267911 | ||
| 952 | |0 0 |1 0 |4 0 |6 576_000000000000000_MAR_1951 |7 0 |8 A |9 300746 |a BIBALI |b BIBALI |c GEN |d 2019-11-20 |i 1969870 |o 576 MAR 1951 |p 1969870 |r 2025-01-20 |w 2019-11-20 |y BK |k ALI | ||